01638nam a2200325 a 450000100100000000500170001000800410002702000150006804000250008308200140010811000500012224000510017224501310022326000360035430000320039049000360042250000420045850400740050053400960057465000430067065000500071365000550076365000570081870000470087583000450092295201080096795201080107595201120118399900170129500002318120200930022036.0101130s1994 xx d 000 0 spa d a9275315493 aDO-SdBNPbspacBNPHU a614bO68c1 aOrganización Panamericana de la Salud9105510aHealth conditions in the americas.lEspañol.14aLas condiciones de salud en las américas /cOrganización Panamericana de la Salud ; prólogo de Carlyle Guerra de Macedo. aWashington, D.C. :bOPS,c1994. av. ; :bdiagramas ;c28 cm.1 aPublicación Científicav549 aLa biblioteca posee el volumen 1 y 2. aIncluye referencias bibliográficas y notas al pie de las páginas. aPublicada también en inglés (1994) con el título:tHealth conditions in the americas. 4aSalud públicaxEstadísticas945364 4aPoblaciónxEstadísticasy1973-1976947724 4aAmérica nortexPoblaciónxEstadística947725 4aAmérica del surxPoblaciónxEstadística9477261 aGuerra de Macedo, Carlyle,epról.947727 0aPublicación Científica ;n549947728 001050718MOaGRbGRcHDd2010-11-30iLF1l0ov. 1p23181-10r2020-06-25w2020-06-25y1ZNo se presta 001050718MOaGRbGRcHDd2010-11-30iLF1l0ov. 2p23181-20r2020-06-25w2020-06-25y1ZNo se presta 001150718MOaGRbGRcMId2017-06-06iLF1l0o614 O68cp23181-30r2020-06-25w2020-06-25y1ZNo se presta c22678d22678